Statistics for Cruel Summer - Taylor Swift (All Lyrics)

Click here to take the quiz!

General Stats

  • This quiz has been taken 123 times
  • The average score is 344 of 447

Answer Stats

Lyrics% Correct
I
98%
it)
96%
it
96%
the
96%
in
94%
of
94%
summer
94%
you,
94%
You
94%
you
94%
a
93%
cruel
93%
to
91%
"I'm
90%
I'm
90%
that
90%
it's
89%
It's
89%
And
88%
back
88%
car
87%
drunk
87%
baby
86%
like
86%
night
86%
He
85%
(Oh
85%
oh
85%
(Oh)
85%
true
85%
with
85%
know,
84%
know
84%
bar
83%
but
83%
But
83%
comin'
83%
from
83%
just
83%
your
83%
blue,
82%
body
82%
got
82%
home
82%
keep
81%
shape
81%
dream
79%
feeling
79%
secrets
79%
wasn't
79%
cried
78%
devil
78%
don't
78%
high
78%
ever
77%
wanna
77%
No
76%
"For
75%
for
75%
dice,
74%
Fever
74%
me
74%
want
74%
what
74%
What
74%
garden
73%
gate
73%
Every
72%
fine,"
71%
roll
71%
love
70%
new,
70%
boy,
69%
more
69%
my
69%
Said,
69%
Bad,
68%
bad
68%
Devils
68%
quiet
68%
ain't
67%
be
67%
I've
67%
looks
67%
angels
66%
heard?"
66%
kill
66%
worst
66%
eyes
65%
makes
65%
rules
65%
scream,
65%
thing
65%
up
65%
up,
65%
out
64%
their
64%
that's
63%
through
63%
toy
63%
worth
63%
doesn't
62%
fate
62%
heaven
62%
snuck
62%
bought
61%
caught
61%
tell
61%
whatever
61%
window
61%
always
60%
ooh,
60%
seal
60%
shiny
59%
waiting
59%
grinnin'
58%
slow,
58%
price
57%
yeah)
57%
(Yeah,
57%
yeah,
57%
So
56%
if
55%
machine
55%
breakable
54%
Killing
54%
last
54%
We
54%
not
53%
below
52%
cool,
51%
head
51%
low
50%
vending
50%
you'll
49%
cut
48%
'em
48%
bleed,
47%
glow
45%
woah
45%
trying
43%
knife
42%
summer's
42%
times
42%
dying
41%
say
41%
Hang
40%
We're
39%
bone
37%
we'll
36%
screw
35%
these
34%
headlights,
32%
you're
32%
right,
25%

Score Distribution

Percentile by Number Answered

Percent of People with Each Score

Your Score History

You have not taken this quiz